| 000 | 01096nab a22002297a 4500 | ||
|---|---|---|---|
| 999 |
_c5586 _d5586 |
||
| 003 | OSt | ||
| 005 | 20251219111815.0 | ||
| 008 | 190429b xxu||||| |||| 00| 0 spa d | ||
| 040 | _cPJ | ||
| 100 |
_94841 _aCarnevale, Carlos A. |
||
| 245 | 1 | 0 |
_aPerspectiva de género y juicios por jurados ¿Sus decisiones se guían por prejuicios, estereotipos y sesgos? Un trabajo empírico sobre los juicios en la provincia de Buenos Aires 2015-2024 / _c Carlos A. Carnevale. |
| 260 |
_cCiudad Autónoma de Buenos Aires : _aThomson Reuters La Ley, _b2025. |
||
| 300 | _ap. 5-30 | ||
| 500 | _aCita: AR/DOC/1337/2025. | ||
| 505 | _aSumario: I. Introducción.— II. Estudios previos.— III. Los casos.— IV. Conclusiones. | ||
| 505 | _tSi te interesa el texto completo, solicitalo a koha@justierradelfuego.gov.ar | ||
| 650 | 0 |
_9343 _aDERECHO PENAL |
|
| 650 | 0 |
_93067 _aJUICIO POR JURADOS |
|
| 650 | 0 |
_92676 _aJUICIO ORAL |
|
| 773 | 0 |
_02658 _93164 _tRevista de derecho penal y criminología. Nº 6 - Julio 2025 _dCiudad Autónoma de Buenos Aires : Thomson Reuters La Ley, 2017- _x00347914 |
|
| 942 |
_2udc _cANA |
||